01785nam a2200217Ia 450000500170000000800410001704000440005804100080010208200120011010000330012224201050015524500850026026001740034530000360051950004780055550504160103350600210144954600230147065000390149365000350153220240118160302.0130821n fr fr 1 e fre  aCo-BoUCMbspacSandra YazodSandra Yazo0 afre04a8442201 aBárres, Mauriced1862-192304aLos Desarraigados.cLos Desarraigados. Por Mauricio Barrès. nLa novela de la fuerza nacionalyspa14aLes Déracinés. cPar Maurice Barrès. bLe roman de l’énergie nationale aParís (Francia)bLibrairie Plon ; Plon-Nourrit et Cie., Imprimeurs-Éditeurs [Librería Plon ; Plon-Nourrit y Compañía, impresores-editores]c[fecha desconocida] a552, [1] páginasc18 x 11 cm. aDetalles físicos: Sin encuadernación original, actualmente, encuadernación rígida (holandesa) en cartón forrado en papel jaspeado. Lomo de tela, con letras y líneas decorativas en dorado. Guardas. Anteportada. Portada impresa en una sola tinta, con grabado (marca tipográfica de Plon). Páginas 1-2, pegadas y algo rasgadas. Texto impreso en una sola columna, con diferentes tipos y tamaños de letra. Papel ordinario. Índice. Papel manchado de amarillo.0 aEl liceo de Nancy ; Instalación en París ; Las mujeres de Francisco Sturel ; Proletariado de bachilleres y de niñas ; El árbol de M. Taine ; En la tumba de Napoleón ; Francia separada y descabezada ; La verdadera república ; Un año de luchas ; Quince días de crisis ; El misterioso asunto Billancourt ; Perplejidades de Francisco Sturel ; Virtud social de un cadáver ; Desmembrado y decapitado aConsulta en sala aTexto en francés 7aLiteratura francesaySiglos XIX-XX 7aEnsayos franceses xPolítica